| 000 | 00629nam a2200193 i 4500 | ||
|---|---|---|---|
| 001 | 32626 | ||
| 003 | ES-MaACL | ||
| 005 | 20230906154616.0 | ||
| 007 | t| | ||
| 008 | 030131s1978 sp ||||1| spa d | ||
| 100 | 1 |
_aBerlinguer, Enrico. _928062 |
|
| 245 | 1 | 0 |
_aAusteridad _b: una ocasión para transformar Italia / _cEnrico Berlinguer ; introducción de Julio Segura ; [traducción de Alberto Nicolás]. |
| 250 | _a[1ª ed.]. | ||
| 260 |
_aBarcelona : _bMateriales, _c[1978] |
||
| 300 |
_a108 p. ; _c18 cm. |
||
| 700 | 1 |
_aSegura, Julio. _9105210 |
|
| 700 | 1 |
_aNicolás, Alberto. _985563 |
|
| 852 |
_aES-MaACL _jA-8138 _bR.97200 |
||
| 999 |
_c32626 _d32626 |
||